| 000 | 01056cam a2200349 a 4500 | ||
|---|---|---|---|
| 001 | ocn174088667 | ||
| 003 | OSt | ||
| 005 | 20140310181809.0 | ||
| 008 | 061205r20061994enkab g d 001 0 eng d | ||
| 020 | _a9781405317498 | ||
| 035 | _aCUA000283437 | ||
| 040 |
_aNz _beng _cZ5M _dCVU |
||
| 049 | _aCVUA | ||
| 050 |
_aPE 1629 _b.V834 2006 |
||
| 082 | 0 | 4 |
_aREF 423 _bV82 2006 |
| 090 | _b.V572 2006 | ||
| 245 | 0 | 0 | _aVisual dictionary. |
| 246 | 1 | 8 | _aDK visual dictionary. |
| 246 | 1 | 3 | _aDorling Kindersley visual dictionary. |
| 250 | _aRev. and updated. | ||
| 260 |
_aLondon : _bDorling Kindersley, _cc2006. |
||
| 300 |
_a672 p. : _bill., col. maps ; _c24 cm. |
||
| 500 | _aIst American ed. published under the title: Ultimate visual dictionary 1994. | ||
| 500 | _aIncludes index. | ||
| 520 | _a1. Picture dictionaries, English 2. English language--Dictionaries. | ||
| 521 | _aBasic Ed.Students | ||
| 541 | _j1 | ||
| 562 | _e1 | ||
| 650 | 0 | _aPicture dictionaries, English. | |
| 910 | _a20090922/w/u;ckc | ||
| 942 |
_2lcc _cBK-GR _kREF |
||
| 999 |
_c3882 _d3882 |
||